Terapeútica interna de las dermatosis con sus fundamentos de Fisiopatología general / (Record no. 30242)

MARC details
000 -LEADER
campo de control de longitud fija 00644nam a2200193 i 4500
001 - NÚMERO DE CONTROL
campo de control 30242
003 - IDENTIFICADOR DE NÚMERO DE CONTROL
campo de control ES-MaACL
005 - FECHA Y HORA DE LA ÚLTIMA TRANSACCIÓN
campo de control 20230906154148.0
007 - CAMPO FIJO DE DESCRIPCIÓN FÍSICA--INFORMACIÓN GENERAL
campo de control de longitud fija t|
008 - DATOS DE LONGITUD FIJA--INFORMACIÓN GENERAL
campo de control de longitud fija 030124s1948 sp ||||1| spa d
100 1# - ENTRADA PRINCIPAL--NOMBRE DE PERSONA
Nombre de persona Bassas Grau, Enrique.
9 (RLIN) 26306
245 10 - MENCIÓN DEL TÍTULO
Título Terapeútica interna de las dermatosis con sus fundamentos de Fisiopatología general /
Mención de responsabilidad, etc. por Enrique Bassas Grau.
260 ## - PUBLICACIÓN, DISTRIBUCIÓN, ETC.
Lugar de publicación, distribución, etc. Madrid, etc. :
Nombre del editor, distribuidor, etc. Miguel Servet,
Fecha de publicación, distribución, etc. 1948 (
Fabricante Imp. Frama)
300 ## - DESCRIPCIÓN FÍSICA
Extensión 276 p., 4 lám. ;
Dimensiones 20 cm.
490 1# - MENCIÓN DE SERIE
Mención de serie La práctica terapéutica
830 0# - PUNTO DE ACCESO ADICIONAL DE SERIE-TÍTULO UNIFORME
Título uniforme La práctica terapéutica
9 (RLIN) 181372
852 ## - LOCALIZACIÓN
Ubicación ES-MaACL
Número de control de estantería C-5184
Sublocalización o colección R.26065
Holdings
Estatus retirado Estado de pérdida Estado de daño No para préstamo Biblioteca de origen Biblioteca actual Ubicación en estantería Fecha de adquisición Fuente de adquisición Total de préstamos Signatura topográfica completa Código de barras Visto por última vez Precio de reemplazo Tipo de ítem Koha
        Biblioteca del Ateneo de Madrid Biblioteca del Ateneo de Madrid Sala Palomar 17/01/2008     C-5184 1031221 23/02/2023 23/02/2023 Libro impreso